| 000 | 00407nam a2200133Ia 4500 | ||
|---|---|---|---|
| 005 | 20260328101446.0 | ||
| 008 | 260328s9999||||xx |||||||||||||| ||und|| | ||
| 100 | _ade Montebello, Phillippe | ||
| 245 | 0 |
_aEgyptian wall paintings : _b The Metropolitan Museum's collection of facsimiles / _cPhillippe de Montebello |
|
| 260 | _bThe Metropolitan Museum of Art | ||
| 300 | _a56 p. | ||
| 650 | _aARTE | ||
| 942 | _cBK | ||
| 999 |
_c8467 _d8467 |
||